Флотационные методы обогащения: учебник

Dettagli Bibliografici
Autore principale: Абрамов А. А. Александр Алексеевич
Riassunto:Изложены основы теории флотационного процесса. Рассмотрены технология и практика флотации с учетом комплексного использования руд и углей. Описаны конструкции флотационных машин. Показаны пути оптимизации и интенсификации флотационного процесса, а также повышения эффективности работы флотационных аппаратов. Третье издание (2-е изд. — 1993 г.) дополнено сведениями по теории, технологии, технике, экономике, организации труда и охране окружающей среды.Для студентов вузов, обучающихся по специальности «Обогащение полезных ископаемых» направления подготовки «Горное дело». Будет полезен инженерно-техническим работникам горно-обогатительных комбинатов, проектных и научно-исследовательских институтов.
Lingua:russo
Pubblicazione: Москва, Изд-во Московского гос. горного ун-та, 2008
Edizione:3-е изд., перераб. и доп.
Serie:Обогащение полезных ископаемых
Soggetti:
Natura: Libro
KOHA link:https://koha.lib.tpu.ru/cgi-bin/koha/opac-detail.pl?biblionumber=122769

MARC

LEADER 00000nam0a2200000 4500
001 122769
005 20231101215749.0
010 |a 9785741805077 
010 |a 978-5-98672-081-4 
010 |a 978-5-91003-035-4 
035 |a (RuTPU)RU\TPU\book\132912 
090 |a 122769 
100 |a 20071008d2008 m y0rusy50 ca 
101 0 |a rus 
102 |a RU 
105 |a a j 001zy 
200 1 |a Флотационные методы обогащения  |e учебник  |f А. А. Абрамов 
205 |a 3-е изд., перераб. и доп. 
210 |a Москва  |c Изд-во Московского гос. горного ун-та  |c Горная книга  |c Мир горной книги  |d 2008 
215 |a 707 с.  |c ил. 
225 1 |a Обогащение полезных ископаемых  |h Т. IV 
320 |a Библиогр.: с. 658-692. 
320 |a Алфавитно-предметный указатель: с. 693-697. 
330 |a Изложены основы теории флотационного процесса. Рассмотрены технология и практика флотации с учетом комплексного использования руд и углей. Описаны конструкции флотационных машин. Показаны пути оптимизации и интенсификации флотационного процесса, а также повышения эффективности работы флотационных аппаратов. Третье издание (2-е изд. — 1993 г.) дополнено сведениями по теории, технологии, технике, экономике, организации труда и охране окружающей среды.Для студентов вузов, обучающихся по специальности «Обогащение полезных ископаемых» направления подготовки «Горное дело». Будет полезен инженерно-техническим работникам горно-обогатительных комбинатов, проектных и научно-исследовательских институтов. 
606 1 |a Полезные ископаемые  |x Обогатимость  |x Исследование  |x Технологические свойства  |2 stltpush  |3 (RuTPU)RU\TPU\subj\50090  |9 68839 
606 1 |a Флотация  |x Эффективность  |2 stltpush  |3 (RuTPU)RU\TPU\subj\64016  |9 80946 
610 1 |a обогащение 
610 1 |a флотационные методы 
610 1 |a физические свойства 
610 1 |a пенная флотация 
610 1 |a пленочная флотация 
610 1 |a пенная сепарация 
610 1 |a флотационные реагенты 
610 1 |a минералы 
610 1 |a поверхности 
610 1 |a растворы 
610 1 |a собиратели 
610 1 |a активаторы 
610 1 |a депрессоры 
610 1 |a регуляторы 
610 1 |a пенообразователи 
610 1 |a психология 
610 1 |a руды 
610 1 |a минералогический состав 
610 1 |a схемы 
610 1 |a режимы 
610 1 |a оборотные воды 
610 1 |a пульпы 
610 1 |a кондиционирование 
610 1 |a флотационные машины 
610 1 |a обогатительные фабрики 
610 1 |a флотационные отделения 
610 1 |a технологические показатели 
610 1 |a учебники 
675 |a 622.7.017(075.8)  |v 3 
675 |a 622.765(075.8)  |v 3 
700 1 |a Абрамов  |b А. А.  |g Александр Алексеевич 
801 1 |a RU  |b 63413507  |c 20071008  |g PSBO 
801 2 |a RU  |b 63413507  |c 20150728  |g PSBO 
900 |a Полезные ископаемые 
900 |a Горное дело 
900 |a Горнопромышленная геология 
942 |c BK 
951 |b 130400  |b 130405 
959 |a 69/20071008  |d 2  |e 350,00  |f АНЛ:1  |f ЧЗТЛ:1